Loading...
| History - World | 0 | 8 | 0 | 1 | 80 | 49 | 83.38 | 2 | 4 | 0.00 | 0.00 |
| History - European | 0 | 8 | 1 | 2 | 75 | 62 | 96.75 | 3 | 6 | 0.00 | 0.00 |
| History - American | 0 | 8 | 2 | 1 | 70 | 12 | 79.00 | 1 | 3 | 0.00 | 0.00 |
| History - Other | 0 | 6 | 0 | 0 | 60 | 60 | 84.00 | 0 | 2 | 0.00 | 0.00 |
| Religion | 0 | 5 | 1 | 2 | 45 | 41 | 92.40 | 2 | 5 | 0.00 | 0.00 |
| Social Science | 0 | 2 | 0 | 0 | 20 | 60 | 60.00 | 0 | 2 | 0.00 | 0.00 |
| Geography/Current Events | 0 | 1 | 0 | 1 | 10 | 130 | 130.00 | 1 | 1 | 0.00 | 0.00 |
| Literature - American | 0 | 1 | 0 | 0 | 10 | 101 | 101.00 | 0 | 0 | 0.00 | 0.00 |
| Literature - European | 0 | 1 | 0 | 0 | 10 | 134 | 134.00 | 0 | 0 | 0.00 | 0.00 |
| Literature - World/Other | 0 | 1 | 0 | 0 | 10 | 113 | 113.00 | 0 | 1 | 0.00 | 0.00 |
| Fine Arts - Other | 0 | 0 | 0 | 0 | 0 | 0.00 | 0 | 0 | 0.00 | 0.00 | |
| Fine Arts - Visual | 0 | 0 | 1 | 0 | -5 | 0.00 | 0 | 0 | 0.00 | 0.00 |